| 000 | 02171nam0a2200409 4500 | ||
|---|---|---|---|
| 001 | RU\NLR\BIBL_A\012884520 | ||
| 005 | 20221024165404.0 | ||
| 010 |
_a978-5-17-133323-2 _92000 |
||
| 021 |
_aRU _bКН-П-22-045444 _9КН-П-22-3927 |
||
| 035 | _a(NLR Aleph) 012884520 | ||
| 035 | _a(RuMoRGB)011145435 | ||
| 090 |
_a12530961 _c12530961 |
||
| 100 | _a20220908d2022 u y0rusy50 ca | ||
| 101 | 1 |
_arus _ceng |
|
| 102 | _aRU | ||
| 105 | _aa z 001zy | ||
| 181 | 0 |
_ai3 _baxxe |
|
| 182 | 0 | _an | |
| 200 | 1 |
_aВнеземной _eв поисках инопланетного разума _fАви Леб _gперевод с английского М. Дудова |
|
| 203 |
_aТекст _bвизуальный _cнепосредственный |
||
| 210 |
_aМосква _cАСТ _d2022 |
||
| 215 |
_a314 с. _cил. _d21 |
||
| 225 | 1 |
_aNeoclassic _eнаука |
|
| 300 | _aНа 4-й с. обл. авт.: Ави (Авраам) Леб, ученый-астрофизик | ||
| 320 | _aБиблиогр.: с. 284-295 | ||
| 320 | _aАлф. указ.: с. 296-314 | ||
| 330 | _aВ 2017 году гавайские ученые обнаружили в Солнечной системе объект, совершенно к ней не относящийся: он двигался слишком быстро, по необычной орбите и явно прилетел с другой звезды. Ави Леб утверждает, что это был инопланетный зонд, отправленный с разведывательной целью. Космический гость получил имя Оумуамуа, в переводе с гавайского - "посланник" | ||
| 333 | _a16+ | ||
| 606 | 1 |
_aНеопознанные летающие объекты _jПопулярные издания _91045575 _3RU\NLR\AUTH\6685312 |
|
| 675 |
_a001.94/.97 _v4 |
||
| 686 | 1 | _aВ654.09я9 | |
| 700 | 1 |
_7ca _8rus _aЛеб _bА. _f1962- _gАви _9247231 _3RU\NLR\AUTH\770247287 |
|
| 942 | _cBOOK | ||
| 980 | _aNB | ||